Burton's Microbiology for the Health sciences (Record no. 4170)

MARC details
000 -LEADER
fixed length control field 01513cam a22003734a 4500
001 - CONTROL NUMBER
control field 14473812
003 - CONTROL NUMBER IDENTIFIER
control field OSt
005 - DATE AND TIME OF LATEST TRANSACTION
control field 20230930121223.0
007 - PHYSICAL DESCRIPTION FIXED FIELD--GENERAL INFORMATION
fixed length control field co ugu||||||||
008 - FIXED-LENGTH DATA ELEMENTS--GENERAL INFORMATION
fixed length control field 060728s2007 mdua b 001 0 eng
010 ## - LIBRARY OF CONGRESS CONTROL NUMBER
LC control number 2006024925
Canceled/invalid LC control number 2006024929
016 7# - NATIONAL BIBLIOGRAPHIC AGENCY CONTROL NUMBER
Record control number 101283639
Source DNLM
020 ## - INTERNATIONAL STANDARD BOOK NUMBER
International Standard Book Number 0781771951
020 ## - INTERNATIONAL STANDARD BOOK NUMBER
International Standard Book Number 9780781771955
035 ## - SYSTEM CONTROL NUMBER
System control number (OCoLC)ocm70829719
040 ## - CATALOGING SOURCE
Original cataloging agency DNLM/DLC
Transcribing agency DLC
Modifying agency NLM
-- BAKER
-- C#P
-- YDXCP
-- BTCTA
-- MUQ
-- DLC
042 ## - AUTHENTICATION CODE
Authentication code pcc
050 00 - LIBRARY OF CONGRESS CALL NUMBER
Classification number QR41.2
Item number .B88 2007
082 00 - DEWEY DECIMAL CLASSIFICATION NUMBER
Classification number QW4 E32b 2007
100 1# - MAIN ENTRY--PERSONAL NAME
Personal name Engelkirk, Paul G.; Burton, Gwendolyn R. W.
9 (RLIN) 8989
245 10 - TITLE STATEMENT
Title Burton's Microbiology for the Health sciences
250 ## - EDITION STATEMENT
Edition statement 8th ed.
260 ## - PUBLICATION, DISTRIBUTION, ETC. (IMPRINT)
Place of publication, distribution, etc. Baltimore;
Name of publisher, distributor, etc. Lippincott Williams & Wilkins,
Date of publication, distribution, etc. 2007.
300 ## - PHYSICAL DESCRIPTION
Extent xvii, 398 p. :
Other physical details col.ill ;
Dimensions 28 cm. +
Accompanying material 1 CD-ROM (4 3/4 in.)
500 ## - GENERAL NOTE
General note Rev. ed. of: Microbiology for the health sciences / Gwendolyn R.W. Burton, Paul G. Engelkirk. 7th ed. c2004.
504 ## - BIBLIOGRAPHY, ETC. NOTE
Bibliography, etc Includes bibliographical references and index.
650 #0 - SUBJECT ADDED ENTRY--TOPICAL TERM
Topical term or geographic name as entry element Microbiology.
9 (RLIN) 749
650 #0 - SUBJECT ADDED ENTRY--TOPICAL TERM
Topical term or geographic name as entry element Allied health personnel.
9 (RLIN) 8990
856 41 - ELECTRONIC LOCATION AND ACCESS
Materials specified Table of contents only
Uniform Resource Identifier http://www.loc.gov/catdir/toc/ecip0618/2006024925.html
856 42 - ELECTRONIC LOCATION AND ACCESS
Materials specified Publisher description
Uniform Resource Identifier http://www.loc.gov/catdir/enhancements/fy0712/2006024925-d.html
906 ## - LOCAL DATA ELEMENT F, LDF (RLIN)
a 7
b cbc
c orignew
d 1
e ecip
f 20
g y-gencatlg
942 ## - ADDED ENTRY ELEMENTS (KOHA)
Source of classification or shelving scheme Dewey Decimal Classification
Koha item type Open Shelf
Holdings
Withdrawn status Lost status Source of classification or shelving scheme Damaged status Not for loan Home library Current library Date acquired Source of acquisition Inventory number Total Checkouts Total Renewals Full call number Barcode Date last seen Date last checked out Koha item type
    Other/Generic Classification Scheme     MUST Main Library MUST Main Library 26/05/2016 Purchase 08/30732 1 1 QW 4 E32b 2007 2016-2155 10/10/2016 26/09/2016 Open Shelf
    Other/Generic Classification Scheme     MUST Main Library MUST Main Library 27/06/2016 Purchase 08/30731     QW 4 E32b 2007 2016-2786 27/06/2016   Open Shelf